Ember és táj a középkori Biharban

Elmentve itt :
Bibliográfiai részletek
Szerző: JAKÓ Zsigmond
Adatforrás:Meister
Forrásdokumentuma:Korunk. -
4 sz., 1994, 7-19 p.
Nyelv:magyar
Kulcsszavak:történeti földrajz
kisebbségtörténet
középkor
Bihar
Partium
LEADER 00443nab a2200169 i 4500
001 bibPRO00000058
008 060524s1994 xx hun
040 |a Sz1 
041 |a hun 
100 1 |a JAKÓ Zsigmond 
245 1 0 |a Ember és táj a középkori Biharban  |c JAKÓ Zsigmond 
695 |a történeti földrajz 
695 |a kisebbségtörténet 
695 |a középkor 
695 |a Bihar 
695 |a Partium 
773 0 |t Korunk. -  |g 4 sz., 1994, 7-19 p.